A treatise on the law and practice of injuctions

Enregistré dans:
Détails bibliographiques
Auteur principal: Kerr William Williamson
Autres auteurs: Paterson, J.
Format: Livre
Publié: New Delhi: Universal law publishing co. pvt. ltd, c2003.
Édition:6th ed.
Sujets:
Tags: Ajouter un tag
Pas de tags, Soyez le premier à ajouter un tag!

MARC

LEADER 00000nam a22000007a 4500
005 20260408054818.0
020 |a 8175341455  |c TZS 21,682/= 
040 |a MCCL  |b eng.  |e AACR 2nd rev. ed. 
082 |a 347.077 KER 
100 |a Kerr William Williamson 
245 |a A treatise on the law and practice of injuctions  |c /William Williamson kerr 
250 |a 6th ed. 
260 |a New Delhi:  |b Universal law publishing co. pvt. ltd,  |c c2003. 
300 |a lxi,743p.:  |b ill.;  |c 24 cm 
504 |a Includes index 
546 |a eng. 
650 |a Injunctions 
700 |a Paterson, J. 
942 |c BK 
999 |c 12575  |d 12575